LEADER 01789nam0 22004093i 450 001 NAP0386699 005 20251003044248.0 010 $a884206470X 100 $a20090710d2002 ||||0itac50 ba 101 | $aita$cita 102 $ait 181 1$6z01$ai $bxxxe 182 1$6z01$an 183 1$6z01$anc$2RDAcarrier 200 1 $aˆIl ‰costo umano della flessibilità$fLuciano Gallino 205 $a2. ed 210 $aRoma$aBari$cLaterza$d2002 215 $a87 p.$d17 cm. 225 | $aˆIl ‰nocciolo$v42 410 0$1001RAV0240296$12001 $aˆIl ‰nocciolo$v42 500 10$aˆIl ‰costo umano della flessibilità$3UBO4616653$9CFIV006992$938219 606 $aOrganizzazione del lavoro$xSociologia$2FIR$3CFIC002941$9E 676 $a306.36$9SISTEMI DI LAVORO$v21 676 $a331.25$9Altre condizioni di lavoro$v14 696 $aOrganizzazione scientifica del lavoro$aAspetti sociali$aAspetti socio-culturali 699 $aOrganizzazione del lavoro$yOrganizzazione scientifica del lavoro 699 $aSociologia$zAspetti sociali 699 $aSociologia$zAspetti socio-culturali 700 1$aGallino$b, Luciano$f <1927-2015>$3CFIV006992$4070$033207 801 3$aIT$bIT-000000$c20090710 850 $aIT-BN0095 901 $bNAP 01$cPOZZO LIB.$nVi sono collocati fondi di economia, periodici di ingegneria e scienze, periodici di economia e statistica e altri fondi comprendenti documenti di economia pervenuti in dono. 912 $aNAP0386699 950 0$aBiblioteca Centralizzata di Ateneo$c1 v.$d 01POZZO LIB.ECON MON 1877$e 0101 0000000835E VMA 1 v. (Precedente collocazione: DASES A 31)$fB $h20070924$i20070924 977 $a 01 996 $aCosto umano della flessibilità$938219 997 $aUNISANNIO